000 00449nam a2200193Ia 4500
005 20250423094538.0
008 250422s9999 xx 000 0 und d
020 _a9788190691949
050 _aTK 7816 .G87/
100 _aGupta J. B
245 0 _aBasic electronics: solid state
250 _a3rd ed.
260 _aNew Delhi
260 _bS. K. Kataria & Sons
260 _c2016
300 _a746 p
650 _aElectronics.
942 _cBK
999 _c27561
_d27561